Africa World Scramble - Map Quiz - Statistics

General Stats
  • This quiz has been taken 18 times
  • The average score is 43 of 54
Answers on the Map
Answers color-coded by a green-red scale on the quiz's map according to % correct below.
 
Answer Stats
Answer % Correct
Liamwa
88%
Oooccmr
88%
Aasmoli
82%
Abotsanw
82%
Amli
82%
Argaadascm
82%
Bagno
82%
Byila
82%
Dhca
82%
Dirbunu
82%
Emamqoubiz
82%
Galeari
82%
Goot
82%
Jdiobuit
82%
Laerbii
82%
Lcntaer Fraanic Ebplricu
82%
Naamiib
82%
Nadus
82%
Neyka
82%
Niageir
82%
Nolgaa
82%
Oãs Témo and Prniicep
82%
Ooncamer
82%
Ooomcrs
82%
Paec Erdve
82%
Rgien
82%
Thous Ciraaf
82%
Ukranib Afos
82%
Ypget
82%
Zaniatan
82%
Aambig
76%
Airesr Neelo
76%
Enaiug-Asusib
76%
Gaudna
76%
Hanga
76%
Htoosel
76%
Niugae
76%
Nnibe
76%
Qaaeiolurt Unigae
76%
Rsumutaii
76%
Sauniit
76%
Selneag
76%
Theoaipi
76%
Tirraee
76%
Triaaamnui
76%
Uhsot Nadsu
76%
Vrioy Aostc
76%
Wandar
76%
Wmabizbe
76%
Zimbaa
76%
Eselehycsl
71%
RD Nogco
71%
Senitawi
71%
Cngoo
53%
No matching quizzes found
Score Distribution
Percent of People with Each Score
Percentile by Number Answered
Your Score History
You have not taken this quiz